000 00843nam a2200253Ia 4500
003 OSt
005 20220923220153.0
006 a|||||r|||| 00| 0
007 ta
008 220922b |||||||| |||| 00| 0 hin d
024 _a184,759
037 _cTextual
040 _aARTS
_cARTS
_bhin
041 _2hin
_ahin
082 _aO152,1N441x, K9
100 _aशर्मा, विश्वेश्वर
_9156365
245 0 _aबिम्ब बिम्ब चांदनी
246 _aBimba bimba chāandanī
260 _aजयपुर
_b राजस्थान प्रकाशन
_c1966
300 _a82 पृ.
_ccm.
650 _aहिन्दी साहित्य
_9156264
942 _hO152,1N441x, K9
_cTEXL
_2CC
999 _c338043
_d338043